000
00285nam a2200121Ia 4500
008
190216s9999||||xx |||||||||||||| ||und||
100
_a
Rajaraman.V
245
0
_a
Analog Computation And Simulation
260
_b
Prentice Hall
_c
1996
300
_a
192p
650
_a
Computer
942
_c
BK
999
_c
8398
_d
8398